Gliptoteca Monjo : museo monográfico de escultura : memoria del acto inaugural, 19 de junio de 1971, Vilassar de Mar museo monográfico de escultura :
Descripción Física:
[52] p. : il., negre i col. ; 25 cm
Materias:
Gliptoteca Monjo (Vilassar de Mar)
MARC
| LEADER | 00000nam a2200000Ia 4500 | ||
|---|---|---|---|
| 001 | 2165 | ||
| 008 | 160829s9999 xx 000 0 cat d | ||
| 080 | |a B-1-277 | ||
| 110 | 2 | |a Museu Enric Monjo (Vilassar de Mar, Catalunya) |9 55403 | |
| 245 | |a Gliptoteca Monjo : |b museo monográfico de escultura : |b memoria del acto inaugural, 19 de junio de 1971, Vilassar de Mar | ||
| 260 | |a [Barcelona : |b Diputació de Barcelona] ; Vilassar de Mar : |b (Ind. Gráf. García), [1971] | ||
| 300 | |a [52] p. : |b il., negre i col. ; |c 25 cm | ||
| 650 | |a Gliptoteca Monjo (Vilassar de Mar) | ||
| 710 | 1 | |a Barcelona (Catalunya : Província). |b Diputació |9 52408 | |
| 901 | |a Arxiu | ||
| 942 | |n 1 | ||
| 952 | |0 0 |1 0 |4 0 |6 B1277 |7 1 |9 41458 |a Arxiu |b Arxiu |d 2016-12-01 |l 0 |o B-1-277 |p 2165 |r 2016-12-01 00:00:00 |w 2016-12-01 |y ARXIU | ||
| 999 | |c 43266 |d 43266 | ||